| 000 | 00870nam0a22002291 4500 | ||
|---|---|---|---|
| 001 | rc\2359764 | ||
| 005 | 20250622234816.0 | ||
| 035 | _a(NLR Aleph) 006478155 | ||
| 090 |
_a6005520 _c6005520 |
||
| 100 | _a20110829d1977 |||y0rusy50 ca | ||
| 101 | 0 | _arus | |
| 102 | _aRU | ||
| 105 | _aa j ||||| | ||
| 200 | 1 |
_aУчебно-методическое пособие (конспект) для наземной подготовки к выполнению учебно-тренировочных полетов на имитацию отказа двигателя _eУтв. Узб. упр. ГА _fУчеб.-метод. АЭ 3-го УТО |
|
| 210 |
_a[Ташкент _cБ. и. _d1977] |
||
| 215 |
_a26 с. _cил. _d20 |
||
| 333 | _aДСП. Экз. № 6 | ||
| 801 | 0 |
_aRU _bNLR _gpsbo |
|
| 801 | 1 |
_aRU _bELAR _2rusmarc |
|
| 852 |
_aNLR _j77-50к/4768 |
||
| 942 | _cBOOK | ||
| 980 | _aNB | ||